[Event "World Chess Olympiad 2018"]
[Site "Batumi"]
[Date "2018.09.30"]
[Round "6"]
[Board "4"]
[WhiteFideId "5804809"]
[White "Lee Jun Wei"]
[BlackFideId "1917617"]
[Black "Sousa Andre Ventura"]
[Result "1-0"]
[LiveChessVersion "1.4.8"]
[BlackElo "2365"]
[WhiteElo "2134"]

1. d4 {[%clk 1:30:55]} Nf6 {[%clk 1:30:51]} 2. c4 {[%clk 1:31:13]} e6
{[%clk 1:31:19]} 3. Nf3 {[%clk 1:31:03]} d5 {[%clk 1:31:46]} 4. Nc3
{[%clk 1:30:58]} Bb4 {[%clk 1:32:13]} 5. Qa4+ {[%clk 1:30:35]} Nc6
{[%clk 1:32:39]} 6. e3 {[%clk 1:30:46]} O-O {[%clk 1:32:39]} 7. Qc2
{[%clk 1:30:11]} Re8 {[%clk 1:33:01]} 8. Bd2 {[%clk 1:29:28]} Bd6
{[%clk 1:32:00]} 9. a3 {[%clk 1:24:29]} a6 {[%clk 1:31:27]} 10. h3
{[%clk 1:21:34]} dxc4 {[%clk 1:30:02]} 11. Bxc4 {[%clk 1:21:41]} e5
{[%clk 1:30:29]} 12. Ng5 {[%clk 1:14:36]} Rf8 {[%clk 1:26:41]} 13. Nd5
{[%clk 1:09:48]} g6 {[%clk 1:27:06]} 14. Nxf6+ {[%clk 1:09:01]} Qxf6
{[%clk 1:27:31]} 15. Ne4 {[%clk 1:09:11]} Qe7 {[%clk 1:26:36]} 16. d5
{[%clk 1:01:48]} Nb8 {[%clk 1:26:55]} 17. Nxd6 {[%clk 1:01:55]} cxd6
{[%clk 1:27:21]} 18. O-O {[%clk 0:58:57]} f5 {[%clk 1:24:21]} 19. f4
{[%clk 0:54:22]} Nd7 {[%clk 1:24:37]} 20. Rae1 {[%clk 0:53:07]} b5
{[%clk 1:10:41]} 21. Ba2 {[%clk 0:51:55]} Nc5 {[%clk 1:10:52]} 22. fxe5
{[%clk 0:41:40]} Qxe5 {[%clk 1:11:11]} 23. Bc3 {[%clk 0:42:09]} Qe4
{[%clk 1:10:58]} 24. Qd1 {[%clk 0:41:19]} Bb7 {[%clk 0:50:48]} 25. Rf4
{[%clk 0:25:41]} Qd3 {[%clk 0:51:14]} 26. Qf3 {[%clk 0:24:47]} Ne4
{[%clk 0:49:22]} 27. Bd4 {[%clk 0:23:59]} Rac8 {[%clk 0:45:45]} 28. Rd1
{[%clk 0:18:34]} Qc2 {[%clk 0:45:23]} 29. Kh2 {[%clk 0:17:11]} Rf7
{[%clk 0:22:52]} 30. Qf1 {[%clk 0:13:03]} Nf6 {[%clk 0:15:14]} 31. Bb1
{[%clk 0:08:04]} Qc7 {[%clk 0:14:27]} 32. Bxf6 {[%clk 0:07:39]} Rxf6
{[%clk 0:14:51]} 33. e4 {[%clk 0:08:04]} Qc4 {[%clk 0:10:11]} 34. Qf2
{[%clk 0:06:10]} Qc5 {[%clk 0:09:10]} 35. Qh4 {[%clk 0:05:35]} Rcf8
{[%clk 0:05:47]} 36. exf5 {[%clk 0:05:01]} gxf5 {[%clk 0:05:42]} 37. Bxf5
{[%clk 0:04:33]} h6 38. Be6+ {[%clk 0:04:05]} Kg7 {[%clk 0:05:21]} 39. Rg4+
{[%clk 0:03:34]} Kh7 {[%clk 0:05:39]} 40. Qg3 {[%clk 0:33:08]} Qc7
{[%clk 0:35:59]} 41. Rg8 {[%clk 0:30:01]} Rxe6 {[%clk 0:31:53]} 42. Rxf8
{[%clk 0:30:22]} Rg6 {[%clk 0:32:18]} 43. Qf3 {[%clk 0:30:21]} Qg7
{[%clk 0:31:13]} 44. Rf7 {[%clk 0:29:37]} Rxg2+ {[%clk 0:31:39]} 45. Kh1
{[%clk 0:30:04]} 1-0

[Event "World Chess Olympiad 2018"]
[Site "Batumi"]
[Date "2018.09.30"]
[Round "6"]
[Board "1"]
[WhiteFideId "1710400"]
[White "Grandelius Nils"]
[BlackFideId "3000010"]
[Black "Rodriguez Vila Andres"]
[Result "1-0"]
[LiveChessVersion "1.4.8"]
[BlackElo "2477"]
[WhiteElo "2655"]

1. d4 {[%clk 1:30:18]} e6 {[%clk 1:30:40]} 2. g3 {[%clk 1:27:22]} c5
{[%clk 1:31:01]} 3. Nf3 {[%clk 1:27:06]} Nc6 {[%clk 1:30:53]} 4. Bg2
{[%clk 1:25:09]} cxd4 {[%clk 1:31:19]} 5. Nxd4 {[%clk 1:25:26]} Qb6
{[%clk 1:31:42]} 6. Nb3 {[%clk 1:25:30]} Nf6 {[%clk 1:30:49]} 7. O-O
{[%clk 1:15:43]} Be7 {[%clk 1:31:00]} 8. c4 {[%clk 1:15:45]} d6 {[%clk 1:30:22]}
9. Bf4 {[%clk 1:10:49]} e5 {[%clk 1:24:28]} 10. Be3 {[%clk 1:07:24]} Qb4
{[%clk 1:24:08]} 11. Na3 {[%clk 0:53:53]} O-O {[%clk 1:22:07]} 12. Bd2
{[%clk 0:52:18]} Qb6 {[%clk 1:19:57]} 13. Nc2 {[%clk 0:46:33]} Be6
{[%clk 1:18:52]} 14. Ne3 {[%clk 0:43:39]} a5 {[%clk 1:18:28]} 15. Bc3
{[%clk 0:41:38]} Rfc8 {[%clk 1:06:41]} 16. Nd5 {[%clk 0:32:30]} Bxd5
{[%clk 1:07:02]} 17. cxd5 {[%clk 0:32:59]} Nb8 {[%clk 1:07:05]} 18. Rc1
{[%clk 0:27:43]} a4 {[%clk 1:06:05]} 19. Nd2 {[%clk 0:25:50]} Nbd7
{[%clk 1:04:46]} 20. a3 {[%clk 0:22:18]} Qb5 {[%clk 0:50:48]} 21. e4
{[%clk 0:22:10]} Bd8 {[%clk 0:51:07]} 22. Re1 {[%clk 0:20:34]} Bb6
{[%clk 0:50:34]} 23. Bf1 {[%clk 0:20:17]} Qc5 {[%clk 0:50:51]} 24. Qf3
{[%clk 0:19:41]} Ng4 {[%clk 0:44:43]} 25. Re2 {[%clk 0:19:45]} f5
{[%clk 0:45:04]} 26. Bh3 {[%clk 0:15:15]} Rf8 {[%clk 0:36:13]} 27. Kg2
{[%clk 0:10:21]} Kh8 {[%clk 0:31:14]} 28. exf5 {[%clk 0:07:47]} Ngf6
{[%clk 0:31:19]} 29. Rd1 {[%clk 0:06:48]} Ba5 {[%clk 0:25:59]} 30. Bxa5
{[%clk 0:06:05]} Rxa5 {[%clk 0:25:08]} 31. Ne4 {[%clk 0:03:42]} Nxe4
{[%clk 0:25:28]} 32. Rxe4 {[%clk 0:02:16]} Nf6 {[%clk 0:25:19]} 33. Rb4
{[%clk 0:02:05]} Nxd5 {[%clk 0:20:18]} 34. Qe4 {[%clk 0:01:31]} Qc6
{[%clk 0:16:20]} 35. Rc4 {[%clk 0:02:00]} Qb5 {[%clk 0:16:44]} 36. Qc2
{[%clk 0:01:21]} Raa8 {[%clk 0:10:25]} 37. Kg1 {[%clk 0:01:32]} Rfd8
{[%clk 0:10:43]} 38. Bg2 {[%clk 0:01:00]} Nf6 {[%clk 0:09:32]} 39. Rb4
{[%clk 0:01:25]} Qe8 {[%clk 0:09:57]} 40. Bxb7 {[%clk 0:30:57]} Rab8
{[%clk 0:39:27]} 41. Bc6 {[%clk 0:27:49]} Qf8 {[%clk 0:38:08]} 42. Qxa4
{[%clk 0:23:06]} Rbc8 {[%clk 0:31:48]} 43. Bb7 {[%clk 0:22:09]} Rc7
{[%clk 0:30:59]} 44. Qb3 {[%clk 0:21:33]} h6 {[%clk 0:30:58]} 45. a4
{[%clk 0:19:35]} Nd7 {[%clk 0:28:18]} 46. Be4 {[%clk 0:18:38]} Ra7
{[%clk 0:25:46]} 47. Qe3 {[%clk 0:16:03]} Ra5 {[%clk 0:24:01]} 48. Rc4
{[%clk 0:14:15]} Nc5 {[%clk 0:20:29]} 49. b4 {[%clk 0:13:17]} Nxe4
{[%clk 0:17:47]} 50. bxa5 {[%clk 0:13:42]} d5 {[%clk 0:18:15]} 51. Rxd5
{[%clk 0:10:48]} Rxd5 {[%clk 0:18:36]} 52. Qxe4 {[%clk 0:11:14]} Rxa5
{[%clk 0:18:32]} 53. f6 {[%clk 0:10:04]} gxf6 {[%clk 0:18:22]} 54. Rc7
{[%clk 0:09:08]} f5 {[%clk 0:17:11]} 55. Qc6 {[%clk 0:09:29]} 1-0

[Event "World Chess Olympiad 2018"]
[Site "Batumi"]
[Date "2018.09.30"]
[Round "6"]
[Board "2"]
[WhiteFideId "3000028"]
[White "Roselli Mailhe Bernardo"]
[BlackFideId "1700812"]
[Black "Hillarp Persson Tiger"]
[Result "0-1"]
[LiveChessVersion "1.4.8"]
[BlackElo "2544"]
[WhiteElo "2439"]

1. d4 {[%clk 1:30:57]} Nf6 {[%clk 1:30:54]} 2. c4 {[%clk 1:31:21]} e6
{[%clk 1:31:19]} 3. Nf3 {[%clk 1:31:47]} c5 {[%clk 1:31:43]} 4. d5
{[%clk 1:32:13]} d6 {[%clk 1:32:06]} 5. Nc3 {[%clk 1:32:12]} exd5
{[%clk 1:32:28]} 6. cxd5 {[%clk 1:32:38]} g6 {[%clk 1:32:48]} 7. Bf4
{[%clk 1:31:21]} Bg7 {[%clk 1:32:54]} 8. e3 {[%clk 1:31:46]} O-O {[%clk 1:33:05]}
9. h3 {[%clk 1:30:08]} Na6 {[%clk 1:33:27]} 10. Be2 {[%clk 1:19:05]} Nc7
{[%clk 1:26:32]} 11. O-O {[%clk 1:15:19]} Re8 {[%clk 1:23:35]} 12. Bh2
{[%clk 1:08:51]} b6 {[%clk 0:55:43]} 13. Nd2 {[%clk 1:00:14]} Bf8
{[%clk 0:46:30]} 14. a4 {[%clk 0:51:51]} Rb8 {[%clk 0:35:25]} 15. e4
{[%clk 0:47:38]} a6 {[%clk 0:35:32]} 16. Rb1 {[%clk 0:41:24]} b5 {[%clk 0:32:59]}
17. axb5 {[%clk 0:31:50]} Nxb5 {[%clk 0:33:21]} 18. Bd3 {[%clk 0:30:58]} Nd7
{[%clk 0:31:30]} 19. Nc4 {[%clk 0:29:20]} Nb6 {[%clk 0:28:49]} 20. Re1
{[%clk 0:26:51]} Nxc4 {[%clk 0:28:38]} 21. Bxc4 {[%clk 0:24:24]} Bg7
{[%clk 0:27:28]} 22. Qd3 {[%clk 0:24:26]} Qb6 {[%clk 0:22:22]} 23. Nd1
{[%clk 0:18:43]} Nd4 {[%clk 0:20:46]} 24. Ne3 {[%clk 0:15:54]} f5
{[%clk 0:18:28]} 25. exf5 {[%clk 0:11:47]} Nxf5 {[%clk 0:17:52]} 26. Nf1
{[%clk 0:07:12]} Rf8 {[%clk 0:14:04]} 27. Nd2 {[%clk 0:05:29]} Qd8
{[%clk 0:03:30]} 28. b3 {[%clk 0:01:08]} a5 {[%clk 0:03:26]} 29. Ne4
{[%clk 0:00:57]} Rb6 {[%clk 0:03:35]} 30. Rbd1 {[%clk 0:00:56]} Bd7
{[%clk 0:01:58]} 31. Bf4 {[%clk 0:00:58]} a4 {[%clk 0:01:37]} 32. bxa4
{[%clk 0:01:06]} Bxa4 {[%clk 0:01:55]} 33. Rb1 {[%clk 0:01:29]} Rxb1
{[%clk 0:01:03]} 34. Rxb1 {[%clk 0:01:53]} h6 {[%clk 0:01:17]} 35. Rb7
{[%clk 0:01:08]} Be8 {[%clk 0:00:55]} 36. Bd2 {[%clk 0:01:01]} Nd4
{[%clk 0:00:53]} 37. Qg3 {[%clk 0:01:02]} Be5 {[%clk 0:00:46]} 38. Qg4
{[%clk 0:00:48]} Qa8 {[%clk 0:00:48]} 39. Re7 {[%clk 0:00:41]} Qa1+
{[%clk 0:00:53]} 40. Bf1 {[%clk 0:31:05]} h5 {[%clk 0:30:52]} 0-1

[Event "World Chess Olympiad 2018"]
[Site "Batumi"]
[Date "2018.09.30"]
[Round "6"]
[Board "3"]
[WhiteFideId "1709437"]
[White "Blomqvist Erik"]
[BlackFideId "101710"]
[Black "Rodi Luis Ernesto"]
[Result "0-1"]
[LiveChessVersion "1.4.8"]
[BlackElo "2308"]
[WhiteElo "2499"]

1. e4 {[%clk 1:30:56]} e5 {[%clk 1:30:45]} 2. Nf3 {[%clk 1:31:19]} Nc6
{[%clk 1:31:07]} 3. Bb5 {[%clk 1:31:42]} a6 {[%clk 1:31:19]} 4. Ba4
{[%clk 1:32:06]} d6 {[%clk 1:31:39]} 5. O-O {[%clk 1:32:00]} Bg4 {[%clk 1:32:01]}
6. h3 {[%clk 1:31:41]} h5 {[%clk 1:32:17]} 7. d3 {[%clk 1:30:07]} Qf6
{[%clk 1:27:30]} 8. Bxc6+ {[%clk 1:27:50]} bxc6 {[%clk 1:27:45]} 9. Nbd2
{[%clk 1:27:48]} g5 {[%clk 1:27:27]} 10. Nc4 {[%clk 1:20:01]} Bxf3
{[%clk 1:25:50]} 11. Qxf3 {[%clk 1:20:26]} Qxf3 {[%clk 1:25:51]} 12. gxf3
{[%clk 1:20:52]} Ne7 {[%clk 1:25:58]} 13. Rd1 {[%clk 1:19:13]} f6
{[%clk 1:23:24]} 14. Kf1 {[%clk 1:18:52]} Ng6 {[%clk 1:20:29]} 15. Ke2
{[%clk 1:17:04]} Be7 {[%clk 1:20:36]} 16. Be3 {[%clk 1:13:37]} a5
{[%clk 1:02:20]} 17. c3 {[%clk 1:02:00]} d5 {[%clk 0:57:27]} 18. Nd2
{[%clk 1:02:15]} a4 {[%clk 0:54:28]} 19. Nf1 {[%clk 0:52:58]} Kf7
{[%clk 0:36:36]} 20. Ng3 {[%clk 0:50:35]} Rhb8 {[%clk 0:36:26]} 21. Rab1
{[%clk 0:48:32]} Ra5 {[%clk 0:30:05]} 22. c4 {[%clk 0:37:00]} d4 {[%clk 0:28:45]}
23. Bc1 {[%clk 0:36:49]} Ra7 {[%clk 0:28:43]} 24. Nf5 {[%clk 0:35:18]} Rab7
{[%clk 0:27:34]} 25. Kd2 {[%clk 0:34:22]} h4 {[%clk 0:20:08]} 26. Kc2
{[%clk 0:33:47]} Bb4 {[%clk 0:19:55]} 27. Rg1 {[%clk 0:18:24]} Bc3
{[%clk 0:19:22]} 28. b3 {[%clk 0:11:54]} axb3+ {[%clk 0:19:28]} 29. Rxb3
{[%clk 0:11:56]} Rxb3 {[%clk 0:19:40]} 30. axb3 {[%clk 0:12:22]} Ra8
{[%clk 0:20:02]} 31. Rg2 {[%clk 0:08:11]} Ra2+ {[%clk 0:16:09]} 32. Kd1
{[%clk 0:07:50]} Nf4 {[%clk 0:15:38]} 33. Bxf4 {[%clk 0:08:07]} exf4
{[%clk 0:16:02]} 34. Kc1 {[%clk 0:03:17]} Ra1+ {[%clk 0:15:51]} 35. Kc2
{[%clk 0:03:42]} Rh1 {[%clk 0:16:04]} 36. Nh6+ {[%clk 0:03:19]} Ke6
{[%clk 0:16:06]} 37. Ng4 {[%clk 0:03:39]} c5 {[%clk 0:11:44]} 38. Rh2
{[%clk 0:02:24]} Ra1 {[%clk 0:12:05]} 39. Rg2 {[%clk 0:01:57]} Ra2+
{[%clk 0:12:20]} 40. Kc1 {[%clk 0:32:08]} Rd2 {[%clk 0:39:59]} 41. e5
{[%clk 0:30:35]} fxe5 {[%clk 0:36:23]} 42. Nh6 {[%clk 0:29:58]} Rxd3
{[%clk 0:35:38]} 43. Rxg5 {[%clk 0:30:02]} Rxf3 {[%clk 0:33:35]} 44. Ng4
{[%clk 0:30:11]} d3 {[%clk 0:33:30]} 45. Rg6+ {[%clk 0:30:29]} Kf7
{[%clk 0:32:42]} 0-1

[Event "World Chess Olympiad 2018"]
[Site "Batumi"]
[Date "2018.09.30"]
[Round "6"]
[Board "4"]
[WhiteFideId "3000486"]
[White "Muniz Rafael"]
[BlackFideId "1701754"]
[Black "Westerberg Jonathan"]
[Result "0-1"]
[LiveChessVersion "1.4.8"]
[BlackElo "2504"]
[WhiteElo "2248"]

1. e4 {[%clk 1:30:55]} c5 {[%clk 1:30:28]} 2. Nf3 {[%clk 1:31:12]} e6
{[%clk 1:30:11]} 3. d4 {[%clk 1:31:25]} cxd4 {[%clk 1:30:26]} 4. Nxd4
{[%clk 1:31:48]} a6 {[%clk 1:30:31]} 5. Nc3 {[%clk 1:30:07]} b5 {[%clk 1:29:58]}
6. Bd3 {[%clk 1:29:18]} Qb6 {[%clk 1:29:45]} 7. Nb3 {[%clk 1:28:31]} Qc7
{[%clk 1:29:25]} 8. O-O {[%clk 1:26:51]} Nf6 {[%clk 1:26:26]} 9. Qe2
{[%clk 1:18:37]} d6 {[%clk 1:23:19]} 10. f4 {[%clk 1:16:39]} Nbd7
{[%clk 1:19:31]} 11. Kh1 {[%clk 1:14:59]} Bb7 {[%clk 1:15:12]} 12. Bd2
{[%clk 1:10:06]} Be7 {[%clk 1:03:50]} 13. a4 {[%clk 1:05:03]} b4 {[%clk 0:57:39]}
14. Nd1 {[%clk 1:01:33]} a5 {[%clk 0:53:32]} 15. Nf2 {[%clk 0:57:28]} O-O
{[%clk 0:45:06]} 16. c3 {[%clk 0:49:48]} bxc3 {[%clk 0:34:30]} 17. Bxc3
{[%clk 0:48:15]} Qb6 {[%clk 0:30:42]} 18. Bb5 {[%clk 0:42:34]} e5
{[%clk 0:23:28]} 19. fxe5 {[%clk 0:35:04]} dxe5 {[%clk 0:23:25]} 20. Nd2
{[%clk 0:34:21]} Bb4 {[%clk 0:21:43]} 21. Nc4 {[%clk 0:31:36]} Qe6
{[%clk 0:20:45]} 22. Bxb4 {[%clk 0:29:54]} axb4 {[%clk 0:21:14]} 23. Rad1
{[%clk 0:29:37]} Nc5 {[%clk 0:18:32]} 24. Nd6 {[%clk 0:24:52]} Ba6
{[%clk 0:18:44]} 25. Nf5 {[%clk 0:18:06]} Bxb5 {[%clk 0:15:49]} 26. Qxb5
{[%clk 0:17:35]} Nxa4 {[%clk 0:09:20]} 27. Qxb4 {[%clk 0:11:43]} Qb6
{[%clk 0:05:32]} 28. Qa3 {[%clk 0:08:27]} Nxb2 {[%clk 0:04:36]} 29. Qg3
{[%clk 0:08:50]} Nh5 {[%clk 0:04:27]} 30. Qg4 {[%clk 0:04:19]} Nxd1
{[%clk 0:04:26]} 31. Nxd1 {[%clk 0:04:39]} g6 {[%clk 0:04:32]} 32. Nde3
{[%clk 0:04:02]} Kh8 {[%clk 0:04:26]} 33. Nd5 {[%clk 0:04:01]} Qe6
{[%clk 0:03:41]} 34. Qe2 {[%clk 0:03:17]} gxf5 {[%clk 0:03:33]} 35. Qxh5
{[%clk 0:03:02]} fxe4 {[%clk 0:03:38]} 36. Nc7 {[%clk 0:03:20]} Qf6
{[%clk 0:02:19]} 37. Qe2 {[%clk 0:03:09]} Ra2 {[%clk 0:02:22]} 38. Qc4
{[%clk 0:02:49]} Rf2 {[%clk 0:02:13]} 39. Rg1 {[%clk 0:02:23]} Rc8
{[%clk 0:02:08]} 40. Qc5 {[%clk 0:31:25]} e3 {[%clk 0:32:06]} 0-1

[Event "World Chess Olympiad 2018"]
[Site "Batumi"]
[Date "2018.09.30"]
[Round "6"]
[Board "1"]
[WhiteFideId "2300117"]
[White "Steingrimsson Hedinn"]
[BlackFideId "13702661"]
[Black "Jumabayev Rinat"]
[Result "0-1"]
[LiveChessVersion "1.4.8"]
[BlackElo "2605"]
[WhiteElo "2573"]

1. e4 {[%clk 1:30:58]} c5 {[%clk 1:30:01]} 2. Nf3 {[%clk 1:31:21]} d6
{[%clk 1:30:14]} 3. d4 {[%clk 1:31:43]} cxd4 {[%clk 1:30:38]} 4. Nxd4
{[%clk 1:32:11]} Nf6 {[%clk 1:30:24]} 5. Nc3 {[%clk 1:32:39]} Nc6
{[%clk 1:30:46]} 6. f3 {[%clk 1:28:36]} h5 {[%clk 1:19:00]} 7. Be3
{[%clk 1:27:56]} e6 {[%clk 1:19:25]} 8. Qd2 {[%clk 1:28:03]} a6 {[%clk 1:19:52]}
9. O-O-O {[%clk 1:28:05]} Bd7 {[%clk 1:20:18]} 10. Kb1 {[%clk 1:25:18]} Qc7
{[%clk 1:17:43]} 11. Nxc6 {[%clk 1:10:15]} Bxc6 {[%clk 1:17:27]} 12. Ne2
{[%clk 1:09:04]} b5 {[%clk 1:10:55]} 13. Rg1 {[%clk 0:53:54]} Bb7
{[%clk 0:59:13]} 14. g3 {[%clk 0:48:54]} Rc8 {[%clk 0:56:32]} 15. Bh3
{[%clk 0:44:18]} d5 {[%clk 0:38:42]} 16. e5 {[%clk 0:43:11]} Nd7 {[%clk 0:39:05]}
17. f4 {[%clk 0:43:32]} g6 {[%clk 0:39:27]} 18. Bd4 {[%clk 0:35:42]} Nc5
{[%clk 0:38:32]} 19. Qe3 {[%clk 0:35:16]} b4 {[%clk 0:36:28]} 20. Rc1
{[%clk 0:26:18]} Be7 {[%clk 0:30:37]} 21. Rgd1 {[%clk 0:22:39]} a5
{[%clk 0:30:21]} 22. Bf1 {[%clk 0:18:20]} Ba6 {[%clk 0:27:19]} 23. h3
{[%clk 0:18:24]} Qb7 {[%clk 0:24:20]} 24. Bg2 {[%clk 0:15:09]} Qb5
{[%clk 0:19:19]} 25. Rd2 {[%clk 0:12:58]} a4 {[%clk 0:18:49]} 26. Bf3
{[%clk 0:12:03]} Qa5 {[%clk 0:14:08]} 27. g4 {[%clk 0:09:26]} hxg4
{[%clk 0:14:31]} 28. hxg4 {[%clk 0:09:55]} Rh4 {[%clk 0:07:34]} 29. Ng3
{[%clk 0:07:05]} b3 {[%clk 0:05:01]} 30. Bc3 {[%clk 0:05:43]} bxa2+
{[%clk 0:04:53]} 31. Ka1 {[%clk 0:05:48]} Qb6 {[%clk 0:05:18]} 32. Qe1
{[%clk 0:05:22]} a3 {[%clk 0:03:14]} 33. b3 {[%clk 0:05:15]} Rh3 {[%clk 0:02:36]}
34. Bg2 {[%clk 0:03:48]} Rh2 {[%clk 0:02:56]} 35. Bd4 {[%clk 0:02:25]} Qb4
{[%clk 0:03:11]} 36. Kxa2 {[%clk 0:02:32]} Rxg2 {[%clk 0:03:00]} 37. Rxg2
{[%clk 0:01:07]} Qxd4 {[%clk 0:03:24]} 0-1

[Event "World Chess Olympiad 2018"]
[Site "Batumi"]
[Date "2018.09.30"]
[Round "6"]
[Board "2"]
[WhiteFideId "13701525"]
[White "Ismagambetov Anuar"]
[BlackFideId "2300044"]
[Black "Hjartarson Johann"]
[Result "1/2-1/2"]
[LiveChessVersion "1.4.8"]
[BlackElo "2530"]
[WhiteElo "2538"]

1. e4 {[%clk 1:30:56]} c5 {[%clk 1:30:51]} 2. Nf3 {[%clk 1:31:03]} e6
{[%clk 1:31:13]} 3. d4 {[%clk 1:31:25]} cxd4 {[%clk 1:31:38]} 4. Nxd4
{[%clk 1:31:48]} a6 {[%clk 1:31:29]} 5. Bd3 {[%clk 1:31:46]} Bc5 {[%clk 1:31:47]}
6. Nb3 {[%clk 1:31:57]} Ba7 {[%clk 1:32:12]} 7. Qe2 {[%clk 1:31:01]} Nc6
{[%clk 1:32:12]} 8. Be3 {[%clk 1:30:53]} d6 {[%clk 1:32:24]} 9. N1d2
{[%clk 1:30:05]} Nf6 {[%clk 1:31:17]} 10. O-O {[%clk 1:25:12]} e5
{[%clk 1:28:11]} 11. Bxa7 {[%clk 1:18:10]} Rxa7 {[%clk 1:28:26]} 12. Nc4
{[%clk 1:13:35]} b5 {[%clk 1:25:57]} 13. Ne3 {[%clk 1:13:06]} Be6
{[%clk 1:23:02]} 14. c4 {[%clk 1:09:29]} b4 {[%clk 1:16:12]} 15. Nd5
{[%clk 1:04:58]} O-O {[%clk 1:08:14]} 16. a3 {[%clk 1:02:26]} bxa3
{[%clk 1:06:35]} 17. Rxa3 {[%clk 1:02:46]} Nd7 {[%clk 0:46:42]} 18. Qe3
{[%clk 0:57:34]} Qb8 {[%clk 0:44:23]} 19. Rfa1 {[%clk 0:54:48]} a5
{[%clk 0:40:21]} 20. Nc3 {[%clk 0:42:22]} Rc8 {[%clk 0:35:25]} 21. Nb5
{[%clk 0:40:01]} Ra8 {[%clk 0:35:35]} 22. Bf1 {[%clk 0:35:11]} a4
{[%clk 0:28:14]} 23. Nd2 {[%clk 0:34:31]} Nc5 {[%clk 0:21:13]} 24. b3
{[%clk 0:28:54]} Bd7 {[%clk 0:15:00]} 25. bxa4 {[%clk 0:28:06]} Na5
{[%clk 0:15:07]} 26. Rd1 {[%clk 0:25:24]} Ra6 {[%clk 0:15:19]} 27. Qg5
{[%clk 0:21:45]} f6 {[%clk 0:14:52]} 28. Qh4 {[%clk 0:21:34]} Qa8
{[%clk 0:13:22]} 29. Rg3 {[%clk 0:19:30]} Kh8 {[%clk 0:12:50]} 30. Nc3
{[%clk 0:19:57]} Rf8 {[%clk 0:11:43]} 31. Nd5 {[%clk 0:19:58]} Qd8
{[%clk 0:11:41]} 32. Be2 {[%clk 0:16:05]} Nc6 {[%clk 0:10:56]} 33. Bg4
{[%clk 0:14:09]} Nd4 {[%clk 0:10:17]} 34. Rh3 {[%clk 0:13:08]} h6
{[%clk 0:10:35]} 35. Bxd7 {[%clk 0:13:18]} Qxd7 {[%clk 0:10:33]} 36. Nf3
{[%clk 0:08:37]} Qxa4 {[%clk 0:10:18]} 37. Re1 {[%clk 0:06:39]} Qxc4
{[%clk 0:08:32]} 38. Ne7 {[%clk 0:05:39]} Ne2+ {[%clk 0:06:09]} 39. Kh1
{[%clk 0:05:33]} Nf4 {[%clk 0:06:28]} 40. Nf5 {[%clk 0:32:06]} Nxe4
{[%clk 0:33:38]} 41. Rg3 {[%clk 0:18:39]} Nxg3+ {[%clk 0:32:17]} 42. hxg3
{[%clk 0:17:37]} Qd3 {[%clk 0:29:07]} 43. Qg4 {[%clk 0:14:45]} g6
{[%clk 0:21:08]} 44. Ne3 {[%clk 0:11:35]} f5 {[%clk 0:19:03]} 45. Qh4
{[%clk 0:11:56]} Nh5 {[%clk 0:19:15]} 46. Qe7 {[%clk 0:11:32]} Rg8
{[%clk 0:17:11]} 47. g4 {[%clk 0:10:26]} fxg4 {[%clk 0:16:10]} 48. Nxg4
{[%clk 0:10:51]} Rg7 {[%clk 0:14:54]} 49. Qd8+ {[%clk 0:08:47]} Kh7
{[%clk 0:14:53]} 50. Rc1 {[%clk 0:09:07]} Qd5 {[%clk 0:11:52]} 51. Qh4
{[%clk 0:05:47]} Qe6 {[%clk 0:11:19]} 52. Qg5 {[%clk 0:05:19]} Ra4
{[%clk 0:06:52]} 53. Qxh6+ {[%clk 0:05:02]} Kg8 {[%clk 0:07:20]} 54. Ne3
{[%clk 0:05:23]} Nf6 {[%clk 0:06:37]} 55. Ng5 {[%clk 0:05:02]} Qd7
{[%clk 0:06:56]} 56. Rb1 {[%clk 0:05:12]} Ra8 {[%clk 0:06:56]} 57. Qh4
{[%clk 0:05:06]} d5 {[%clk 0:06:37]} 58. Rb6 {[%clk 0:05:30]} Qd8
{[%clk 0:05:48]} 59. Rxf6 {[%clk 0:02:43]} Qxf6 {[%clk 0:06:07]} 60. Nxd5
{[%clk 0:03:10]} Qc6 {[%clk 0:04:50]} 61. Ne4 {[%clk 0:02:46]} Rf8
{[%clk 0:04:49]} 62. Ndf6+ {[%clk 0:02:50]} Kf7 {[%clk 0:04:39]} 63. Ng4
{[%clk 0:02:49]} Re8 {[%clk 0:03:16]} 64. Ng5+ {[%clk 0:02:27]} Kg8
{[%clk 0:03:29]} 65. Kh2 {[%clk 0:01:46]} Ree7 {[%clk 0:03:20]} 66. Nh6+
{[%clk 0:01:19]} Kf8 {[%clk 0:03:46]} 67. Ng4 {[%clk 0:01:29]} e4
{[%clk 0:03:14]} 68. Qh8+ {[%clk 0:01:13]} Rg8 {[%clk 0:03:42]} 69. Nh7+
{[%clk 0:01:00]} Rxh7+ {[%clk 0:03:31]} 70. Qxh7 {[%clk 0:01:29]} Qd6+
{[%clk 0:02:34]} 71. g3 {[%clk 0:01:48]} Qc5 {[%clk 0:02:43]} 72. Qh6+
{[%clk 0:01:47]} Ke8 {[%clk 0:01:54]} 73. Nf6+ {[%clk 0:01:11]} Kf7
{[%clk 0:02:15]} 74. Nxg8 {[%clk 0:01:17]} Qxf2+ {[%clk 0:02:26]} 75. Kh1
{[%clk 0:01:33]} Qf3+ {[%clk 0:02:16]} 76. Kh2 {[%clk 0:02:00]} Qf2+
{[%clk 0:01:13]} 77. Kh1 {[%clk 0:02:19]} Qf3+ {[%clk 0:00:47]} 78. Kh2
{[%clk 0:02:45]} Qf2+ {[%clk 0:00:44]} 1/2-1/2